|
|
|
|
| LEADER |
01052nam a2200253 a 4500 |
| 001 |
0017239 |
| 003 |
BD-DhAAL |
| 008 |
100210s2006 enka 000 0 eng d |
| 020 |
|
|
|a 9780194388511 (pbk.)
|
| 020 |
|
|
|a 0194388514 (pbk.)
|
| 040 |
|
|
|a StDuBDS
|b eng
|c StDuBDS
|d BD-DhAAL
|
| 082 |
0 |
4 |
|a 428.24071
|2 22
|
| 100 |
1 |
|
|a Clementson, Theresa.
|9 58422
|
| 245 |
0 |
0 |
|a Natural English :
|b reading & writing skills.
|p Elementary resource book /
|c Theresa Clementson.
|
| 260 |
|
|
|a Oxford :
|b Oxford University Press,
|c 2006.
|
| 300 |
|
|
|a 63 p. :
|b ill. ;
|c 30 cm
|
| 526 |
|
|
|a CFL, BRACU
|
| 541 |
1 |
|
|e 00017239
|a Karim International
|
| 650 |
|
0 |
|a English language
|x Study and teaching
|x Foreign speakers.
|
| 650 |
|
0 |
|a English language
|x Study and teaching
|x Activity programs.
|
| 852 |
4 |
|
|a Ayesha Abed Library
|c General Stacks
|
| 942 |
0 |
0 |
|0 1
|2 ddc
|c BK
|
| 999 |
|
|
|c 7459
|d 7459
|
| 952 |
|
|
|0 0
|1 0
|2 ddc
|4 0
|6 428_240710000000000_CLE_2006
|7 0
|9 8004
|a BRACUL
|b BRACUL
|c GEN
|d 2010-02-10
|e Karim International
|g 2475.00
|l 5
|m 17
|o 428.24071 CLE
|p 3010017239
|r 2016-04-10
|s 2016-03-23
|t 1
|w 2010-02-10
|y BK
|